000 00631nam a2200181Ia 4500
999 _c19904
_d19904
082 _aTS.0123
100 _aSaxena, Bishan Murari
245 0 _aSex differences-schizophrenia : Differences in precipitatingfactors symptomatology and psychopathology in two sexes among schizophrenic patients
260 _c1970
_bUniversity of Ranchi
300 _a124p. + C D - 51
650 _aINSANITY///SCHIZOPHRENIA
650 _aSCHIZOPHRENIA
650 _aDEMENTIA///SCHIZOPHRENIA
650 _aSEX DIFFERENCES (PSYCHOLOGY)
650 _aSEX (PSYCHOLOGY)///SEX DIFFERENCES (PSYCHOLOGY)
710 _aBhaskaran, K.
942 _cTH
_2ddc